Szczegóły MARC21

ABC twoich emocji /

003 -Nazwa inst., której nr kontr. jest w polu 001 [,]
    • @
    • Nazwa instytucji, której n kontrolny jest w polu 001
    • NUKAT
005 -DATA I CZAS OSTATNIEJ MODYFIKACJI [,]
    • @
    • pole kontrolne
    • 20241231090032.0
020 -Międzynarod. znormalizowany nr książki - ISBN [ , ]
    • a
    • Numer ISBN
    • 839000822X Find
040 -Instytucja sporządzająca opis [ , ]
    • a
    • Instytucja, która sporządziła opis (NP)
    • LUBL KUL/JP
    • c
    • Instytucja, która sporządziła rekord (NP)
    • LUBL KUL/JP
    • d
    • Instytucja, która zmodyfikowała rekord (P)
    • LUBL KUL/JP
041 -Język dokumentu [1, ]
    • a
    • Język tekstu (P)
    • polski
    • h
    • Język tekstu oryginalnego i/lub pośredniego (P)
    • angielski
942 -Rodzaj dokumentu [ , ]
    • c
    • Rodzaj dokumentu
    • Książka
100 -Hasło główne - nazwa osobowa [1, ]
    • a
    • Nazwa osobowa (NP)
    • Maultsby, Maxie C.
    • 9
    • KHW
    • 514791
245 -Strefa tytułu i oznaczenia odpowiedzialności [1,0]
    • a
    • Tytuł
    • ABC twoich emocji / Find
    • c
    • Pozostałe elementy strefy tytułu i oznaczenia odpowiedzialności (NP)
    • Maxie C. Maultsby, jr., Allice Hendricks ; il. Grace von Drasek Ascher ; tł. Aleksandra Wirga.
246 -Wariant tytułu [1, ]
    • i
    • Tekst wyświetlany na ekranie monitora (NP)
    • Tyt. oryg.:
    • a
    • Tytuł (NP)
    • You and your emotions
260 -Strefa adresu wydawniczego [ , ]
    • a
    • Miejsce wydania (P)
    • Poznań :
    • b
    • Nazwa wydawcy (P)
    • Fundacja Alterna ;
    • a
    • Miejsce wydania (P)
    • Żnin :
    • b
    • Nazwa wydawcy (P)
    • Wydaw. Wulkan,
    • c
    • Data wydania (P)
    • 1992.
300 -Strefa opisu fizycznego [ , ]
    • a
    • Określenie formy książki i/lub objętość (NP)
    • 127, [1] ;
    • c
    • Format (NP)
    • 24 cm.
336 -Typ zawartości [ , ]
    • a
    • Termin opisujący typ zawartości
    • Tekst
    • b
    • Kod określający zawartość
    • txt
    • 2
    • Źródło (terminu i kodu)
    • rdacontent
337 -Typ mediów [ , ]
    • a
    • Tryb odtwarzania
    • Bez urządzenia pośredniczącego
    • b
    • Kod typu mediów
    • n
    • 2
    • Źródło (terminu i kodu)
    • rdamedia
338 -Typ/rodzaj nośnika [ , ]
    • a
    • Hasło opisujące typ nośnika
    • Wolumin
    • b
    • Kod typu nośnika
    • nc
    • 2
    • Źródło (terminu i kodu)
    • rdacarrier
080 -Uniwersalna Klasyfikacja Dziesiętna [ , ]
    • a
    • Symbol klasyfikacji
    • 159.942
    • 9
    • UKD
    • 2437
    • 2
    • Identyfikator wydania tablic
    • UDC-P058
    • b
    • Dopowiedzenie
    • Emocje. Uczucia. Nastroje. Nastrój obniżony (depresja), nastrój wzmożony (euforia, ekstaza, mania), labilność.
080 -Uniwersalna Klasyfikacja Dziesiętna [ , ]
    • a
    • Symbol klasyfikacji
    • :615.851
650 -Hasło przedmiotowe [ ,7]
    • a
    • Hasło przedmiotowe
    • Emocje.
    • 2
    • Źródło terminu
    • kaba
    • 9
    • KHW
    • 107679
980 -Symbol UKD [ , ]
    • a
    • UKD
    • 159.942:615.851
700 -Hasło dodatkowe - nazwa osobowa [1, ]
    • a
    • Nazwa osobowa (NP)
    • Hendricks, Allie. Find
    • 9
    • KHW
    • 514789
700 -Hasło dodatkowe - nazwa osobowa [1, ]
    • a
    • Nazwa osobowa (NP)
    • Drasek Asher, Grace von. Find
    • e
    • Określenie rodzaju współpracy
    • Il.
    • 9
    • KHW
    • 514788
700 -Hasło dodatkowe - nazwa osobowa [1, ]
    • a
    • Nazwa osobowa (NP)
    • Wirga, Aleksandra. Find
    • e
    • Określenie rodzaju współpracy
    • Tł.
    • 9
    • KHW
    • 514790
920 -ISBN [ , ]
    • a
    • ISBN
    • 83-900082-2-X Find
Numer inwentarzowy Status udost. Data inwentaryzacji Lokalizacja
Pd.624911997-01-01BG
Pd.624811997-01-01BNS